| 000 | 01395nam2a2200277 4500 | ||
|---|---|---|---|
| 001 | RU\NLR\bibl\1383013 | ||
| 005 | 20250615194026.0 | ||
| 010 |
_a978-5-7367-0661-7 _91000 |
||
| 021 |
_aRU _b2009-31362 _91893 |
||
| 035 | _a(NLR Aleph) 001375088 | ||
| 090 |
_a1066294 _c1066294 |
||
| 100 | _a20090618d2008 |||y0rusy50 ca | ||
| 101 | 0 | _arus | |
| 102 | _aRU | ||
| 105 | _aa ||||||||| | ||
| 200 | 1 | _aТехника для животноводства | |
| 210 |
_d2008 _aБ. м. |
||
| 215 |
_a336 с. _cцв. ил. |
||
| 461 | 0 |
_1001RU\NLR\bibl\958542 _12001#$aСельскохозяйственная техника$vТ. 4 _9253278 _cМосква _d2005 _fМ-во сел. хоз-ва Рос. Федерации, Федер. агентство по сел. хоз-ву, Федер. гос. науч. учреждение "Рос. НИИ информации и техн.-экон. исслед. по инж.-техн. обеспечению АПК" (ФГНУ "Росинформагротех") _nФГНУ "Росинформагротех" _oкаталог _tСельскохозяйственная техника _vТ. 4 |
|
| 606 | 1 |
_aЖивотноводческие фермы _jКаталоги _xОборудование _9915595 _3RU\NLR\auth\6615585 |
|
| 686 | _aП071.5я26 | ||
| 801 | 0 |
_aRU _bNLR _c20090618 _gRCR |
|
| 801 | 1 |
_aRU _bNLR _c20090618 |
|
| 942 | _cBOOK | ||
| 980 | _aNB | ||